Handbook of the biology of aging (Record no. 26870)

MARC details
000 -LEADER
fixed length control field 00310nam a2200121Ia 4500
082 ## - DEWEY DECIMAL CLASSIFICATION NUMBER
Classification number 577.24(035)
Item number FIN
245 #0 - TITLE STATEMENT
Title Handbook of the biology of aging
260 ## - PUBLICATION, DISTRIBUTION, ETC. (IMPRINT)
Place of publication New York
Name of publisher Van Nostrand
Year of publication 1977
700 ## - ADDED ENTRY--PERSONAL NAME
Personal name Finch, C E
700 ## - ADDED ENTRY--PERSONAL NAME
Personal name Hayflick, L
942 ## - ADDED ENTRY ELEMENTS (KOHA)
Koha item type Books
Holdings
Withdrawn status Lost status Damaged status Not for loan Home library Current library Date acquired Cost, normal purchase price Full call number Accession Number Koha item type
        RRII Library RRII Library 16/12/2021 32.50 577.24(035) FIN 07501 Books